Implications of the COVID-19 Crisis for the Sharing Economy in Tourism: The Case of Airbnb in the Czech Republic
Teoretické prístupy zdieľanej ekonomiky a spôsob fungovania platformy Airbnb. Skúmanie vplyvu Covid-19 na obsadenie dovolenkových prenájmov ponúkaných cez Airbnb porovnaním a analýzou očakávaného a skutočného počtu hostí.
Saved in:
| Main Author: | |
|---|---|
| Other Authors: | |
| Format: | Book Chapter |
| Language: | English |
| Subjects: | |
| Tags: |
No Tags, Be the first to tag this record!
|
MARC
| LEADER | 00000naa a2200000 4500 | ||
|---|---|---|---|
| 001 | 0272119 | ||
| 005 | 20210218095924.4 | ||
| 041 | 0 | |a eng | |
| 044 | |a SK | ||
| 245 | 1 | 0 | |a Implications of the COVID-19 Crisis for the Sharing Economy in Tourism: The Case of Airbnb in the Czech Republic |c Vendula Fialová, Ivanka Vasenská |
| 520 | |a Teoretické prístupy zdieľanej ekonomiky a spôsob fungovania platformy Airbnb. Skúmanie vplyvu Covid-19 na obsadenie dovolenkových prenájmov ponúkaných cez Airbnb porovnaním a analýzou očakávaného a skutočného počtu hostí. | ||
| 610 | 2 | 0 | |a koronavírus |
| 610 | 2 | 0 | |a kríza |
| 610 | 2 | 0 | |a ruch cestovný |
| 610 | 2 | 0 | |a ekonomika zdieľaná |
| 610 | 2 | 0 | |a ubytovanie |
| 610 | 2 | 0 | |a Česko |
| 100 | 1 | |a Fialová, Vendula | |
| 700 | 1 | |a Vasenská, Ivanka | |